000 00807nam a22002177a 4500
999 _c15794
_d15794
003 AR-CdUCM
008 190430b ||||| |||| 00| 0 spa d
040 _aMUNICIPALIDAD PROVINCIAL DEL CUSCO
_cBIBLIOTECA MUNICIPAL DEL CUSCO
041 _heng
082 _a820.9 /
_bE96
100 _aEvans, B. Ifor
_934993
245 _aBreve historia de la literatura inglesa /
260 _aBuenos Aires :
_bPinguino,
_c1947.
300 _a247 páginas ;
_c19 cm.
505 _aContenido: Antes de la conquista -- La poesía inglesa desde Chaucer a John Donne -- La poesía inglesa de Milton a William Blake -- Los poetas románticos ...
650 _aLiteratura inglesa
_91015
650 _aHistoria
_9136
700 _aHopenhaym, B.R. (traducción)
_934994
942 _2ddc
_cLIBROS
945 _aacv
_d2019-04-30